Сборник статей по вопросам библиотековедения и библиографии. Вып.1: Ленин в библиотечном деле (Запись № 4414843)

Подробности
000 -МАРКЕР
контрольное поле 03601nam2a22003251 4500
001 - ИДЕНТИФИКАТОР ЗАПИСИ
контрольное поле RU\NLR\INFOCOMM4\1000616907
005 - ИДЕНТИФИКАТОР ВЕРСИИ
контрольное поле 20250617004658.0
035 ## - ДРУГИЕ СИСТЕМНЫЕ НОМЕРА
Идентификатор записи (NLR Aleph) 002323968
100 ## - ДАННЫЕ ОБЩЕЙ ОБРАБОТКИ
Данные общей обработки 20041021d1953 |||y0rusy50 ca
101 0# - ЯЗЫК РЕСУРСА
Язык текста, звукозаписи и т.д. русский
102 ## - СТРАНА ПУБЛИКАЦИИ ИЛИ ПРОИЗВОДСТВА
Страна публикации Российская Федерация
105 ## - ПОЛЕ КОДИРОВАННЫХ ДАННЫХ: ТЕКСТОВЫЕ МАТЕРИАЛЫ, МОНОГРАФИЧЕСКИЕ
Кодированные данные о монографическом текстовом документе y |||||||||
200 1# - ЗАГЛАВИЕ И СВЕДЕНИЯ ОБ ОТВЕТСТВЕННОСТИ
Основное заглавие Ленин в библиотечном деле
Первые сведения об ответственности З. Лусс, Т. Серебрякова
210 ## - ПУБЛИКАЦИЯ, РАСПРОСТРАНЕНИЕ И ДР.
Дата издания, распространения и т.д. 1953
Место издания, распространения и т.д. Б. м.
423 #0 - ИЗДАЕТСЯ В ОДНОЙ ОБЛОЖКЕ ВМЕСТЕ С ...
Встроенное поле 2001#$aСостояние и задачи рекомендательной библиографии$fОлишев В.
-- 700#1$aОлишев$bВ. Г.$f1905-1982$gВасилий Григорьевич$4070
Заглавие Состояние и задачи рекомендательной библиографии
Автор Олишев, Василий Григорьевич (1905-1982)
423 #0 - ИЗДАЕТСЯ В ОДНОЙ ОБЛОЖКЕ ВМЕСТЕ С ...
Встроенное поле 2001#$aСостав и структура основного фонда Государственной библиотеки СССР имени В.И. Ленина$fКлевенский М., Смоллер В.
-- 700#1$aКлевенский$bМ.
-- 701#1$aСмоллер$bВ.
Заглавие Состав и структура основного фонда Государственной библиотеки СССР имени В.И. Ленина
Автор Клевенский, М.
423 #0 - ИЗДАЕТСЯ В ОДНОЙ ОБЛОЖКЕ ВМЕСТЕ С ...
Встроенное поле 2001#$aВопросы с редкими и ценными изданиями в Государственной библиотеке СССР имени В.И. Ленина$fКозловский Б.
-- 700#1$aКозловский$bБ.
Заглавие Вопросы с редкими и ценными изданиями в Государственной библиотеке СССР имени В.И. Ленина
Автор Козловский, Б.
423 #0 - ИЗДАЕТСЯ В ОДНОЙ ОБЛОЖКЕ ВМЕСТЕ С ...
Встроенное поле 2001#$aО сохранности библиотечных фондов$fПетрова Л., Ремизова П.
-- 700#1$aПетрова$bЛ. Н.$cбиблиограф$f1931-2016$gЛидия Николаевна$3RU\NLR\AUTH\770212257$4070
-- 701#1$aРемизова$bП.
Заглавие О сохранности библиотечных фондов
Автор Петрова, Лидия Николаевна (библиограф ; 1931-2016)
423 #0 - ИЗДАЕТСЯ В ОДНОЙ ОБЛОЖКЕ ВМЕСТЕ С ...
Встроенное поле 2001#$aВопросы библиотечного строительства на съездах и совещаниях по народному просвещению в 1918-1920 годах$e(Материалы к истории библиотеч. дела в СССР)$fКарклина Н.
-- 700#1$aКарклина$bН.
Заглавие Вопросы библиотечного строительства на съездах и совещаниях по народному просвещению в 1918-1920 годах
Автор Карклина, Н.
461 #0 - УРОВЕНЬ НАБОРА
Встроенное поле 001RU\NLR\INFOCOMM4\1000616906
-- 2001#$aСборник статей по вопросам библиотековедения и библиографии$fГос. ордена Ленина б-ка СССР им. В.И. Ленина. Науч.-метод. кабинет библиотековедения$vВып.1
Системный номер (АБИС) связанной записи 4414834
Место публикации М.
Дата публикации 1953
Первые сведения об ответственности Гос. ордена Ленина б-ка СССР им. В.И. Ленина. Науч.-метод. кабинет библиотековедения
Заглавие Сборник статей по вопросам библиотековедения и библиографии
Номер тома Вып.1
700 #1 - ИМЯ ЛИЦА - ПЕРВИЧНАЯ ОТВЕТСТВЕННОСТЬ
Начальный элемент ввода Лусс
Часть имени, кроме начального элемента ввода З.
Код отношения Автор
701 #1 - ИМЯ ЛИЦА - АЛЬТЕРНАТИВНАЯ ОТВЕТСТВЕННОСТЬ
Начальный элемент ввода Серебрякова
Часть имени, кроме начального элемента ввода Т.
Код отношения Автор
801 #1 - ИСТОЧНИК ЗАПИСИ
Страна Российская Федерация
Организация InfoComm
Дата составления 20041021
801 #0 - ИСТОЧНИК ЗАПИСИ
Страна Российская Федерация
Организация NLR
Правила каталогизации PSBO
852 ## - МЕСТОНАХОЖДЕНИЕ И ШИФР ХРАНЕНИЯ
Идентификатор организации NLR
Наименование фонда или коллекции (Sub-Location Identifier) Б
Шифр хранения (Call Number) 6035/С232
942 ## - ДОПОЛНИТЕЛЬНЫЕ ЭЛЕМЕНТЫ ЗАПИСИ (АБИС)
Тип экземпляра АБИС Выпуск
980 ## - КОЛЛЕКЦИЯ
Название коллекции Национальная библиография
980 ## - КОЛЛЕКЦИЯ
Название коллекции Русская периодика

Нет доступных экземпляров.